| 000 | 00641nam a22002057a 4500 | ||
|---|---|---|---|
| 005 | 20160921150808.0 | ||
| 010 | _aENG-116038 | ||
| 020 |
_a9789350356654 _c1995.00.00 |
||
| 035 | _aEN-99570 | ||
| 037 | _bDBAD/PUB | ||
| 082 | _a346.54066 | ||
| 100 | _aChandratre,K.R. | ||
| 245 |
_aCompany secretarial practice manual / _cby K.R. Chandratre |
||
| 250 | _a3rd ed. | ||
| 260 |
_aGurgaon _bLexisNexis _c2016 |
||
| 270 |
_a14th Floor, Building No.10, Tower-B, DLF Cyber City, Phase-II _bGurgaon (Haryana) _e122002 |
||
| 300 |
_alxi,1979p. _c24cm(Hb) |
||
| 500 | _aIncludes index | ||
| 942 |
_2ddc _cEN _mCHA _h346.54066 |
||
| 999 |
_c103507 _d103507 |
||